[Event "Mittelrhein Regionalliga 18/19"]
[Site "Nordrheinwestfalen"]
[Date "2018.09.02"]
[Round "1.8"]
[White "Geerling, Anton"]
[Black "Guenther, Boris"]
[Result "1/2-1/2"]
[WhiteElo "1969"]
[BlackElo "1570"]
[PlyCount "87"]
[EventDate "2018.10.28"]
[EventType "team-tourn"]
[EventRounds "11"]
[EventCountry "GER"]
[SourceTitle "EXT 2022"]
[Source "ChessBase"]
[SourceDate "2021.10.06"]
[SourceVersion "1"]
[SourceVersionDate "2021.10.06"]
[SourceQuality "1"]
[WhiteTeam "Aachen SV II"]
[BlackTeam "Euskirchen Turm"]
[WhiteTeamCountry "GER"]
[BlackTeamCountry "GER"]

1. Nf3 c5 2. g3 d6 3. Bg2 Nf6 4. 0-0 g6 5. b3 Bg7 6. Bb2 0-0 7. c4 Nc6 8. d4 cxd4 9. Nxd4 Bd7 10. e3 Qc8 11. Re1 Re8 12. Nc3 a6 13. a4 Rb8 14. Bf1 Qd8 15. Nd5 Nxd5 16. cxd5 Nxd4 17. Bxd4 Bxd4 18. Qxd4 b5 19. a5 Qc7 20. Rec1 Qb7 21. Rc3 Rec8 22. Rac1 Rxc3 23. Rxc3 Rc8 24. e4 Rxc3 25. Qxc3 Qa7 26. b4 h5 27. h4 f6 28. Kg2 Kf7 29. Bd3 Kg7 30. Bc2 Kf7 31. Bd1 Kg7 32. Be2 Kf7 33. Bd3 Kg7 34. Bb1 Kf7 35. Bc2 Kg7 36. Bd1 Kf7 37. Bf3 Kg7 38. Kf1 Kf7 39. Ke1 Kg7 40. Kf1 Kf7 41. Bg2 Qb8 42. f4 Qc8 43. Qxc8 Bxc8 44. Kf2 1/2-1/2

[Event "Dortmund Sparkassen op-A 44th"]
[Site "Dortmund"]
[Date "2016.07.16"]
[Round "8"]
[White "Althoff, Ralph"]
[Black "Geerling, Anton"]
[Result "1-0"]
[WhiteElo "2122"]
[BlackElo "2008"]
[PlyCount "103"]
[EventDate "2016.07.09"]
[EventType "swiss"]
[EventRounds "9"]
[EventCountry "GER"]
[SourceTitle "CBM 173 Extra"]
[Source "ChessBase"]
[SourceDate "2016.08.29"]
[SourceVersion "1"]
[SourceVersionDate "2016.08.29"]
[SourceQuality "1"]

1. e4 e5 2. Nf3 Nc6 3. Bb5 a6 4. Ba4 Nf6 5. 0-0 Be7 6. Re1 b5 7. Bb3 0-0 8. h3 Bb7 9. d3 d6 10. c3 h6 11. Nbd2 Na5 12. Bc2 c5 13. Nf1 Re8 14. Ng3 Bf8 15. a4 Nc6 16. d4 cxd4 17. cxd4 d5 18. dxe5 dxe4 19. exf6 Qxd1 20. Rxd1 exf3 21. fxg7 Bxg7 22. Nf5 Nb4 23. Bb3 Re2 24. Nxg7 Kxg7 25. Rd7 Bc6 26. Rxf7+ Kg6 27. g4 Re1+ 28. Kh2 Rf1 29. Kg3 Rg1+ 30. Kh4 Re8 31. axb5 axb5 32. Bd2 Rxa1 33. Bc3 Rg8 34. Rf6+ Kh7 35. Rf7+ Kg6 36. Rf6+ Kh7 37. Bxg8+ Kxg8 38. Bxb4 Bd5 39. Rd6 Bc4 40. Rxh6 Rd1 41. Rf6 Be2 42. Bc5 Rh1 43. b4 Kg7 44. g5 Kh7 45. Bf8 Rg1 46. Kh5 Bd3 47. Bd6 Rc1 48. g6+ Kg7 49. Rf7+ Kg8 50. Kh6 Rc8 51. Rg7+ Kh8 52. Be5 1-0

[Event "Dortmund Sparkassen op-A 44th"]
[Site "Dortmund"]
[Date "2016.07.13"]
[Round "5"]
[White "Sicars, Thorsten"]
[Black "Geerling, Anton"]
[Result "1-0"]
[WhiteElo "2066"]
[BlackElo "2008"]
[PlyCount "25"]
[EventDate "2016.07.09"]
[EventType "swiss"]
[EventRounds "9"]
[EventCountry "GER"]
[SourceTitle "CBM 173 Extra"]
[Source "ChessBase"]
[SourceDate "2016.08.29"]
[SourceVersion "1"]
[SourceVersionDate "2016.08.29"]
[SourceQuality "1"]

1. d4 Nf6 2. Bg5 Ne4 3. Bf4 d5 4. e3 c5 5. Bd3 Nf6 6. c3 e6 7. Nd2 b6 8. Ngf3 Bd6 9. Ne5 0-0 10. Qf3 Ba6 11. Bc2 Nbd7 12. Qh3 g6 13. Nxg6 1-0

[Event "Goch op 25th"]
[Site "Goch"]
[Date "2014.09.06"]
[Round "4"]
[White "Kreutzmann, Duke"]
[Black "Geerling, Anton"]
[Result "0-1"]
[WhiteElo "1633"]
[BlackElo "2026"]
[PlyCount "92"]
[EventDate "2014.09.04"]
[EventType "swiss"]
[EventRounds "7"]
[EventCountry "GER"]
[SourceTitle "EXT 2016"]
[Source "ChessBase"]
[SourceDate "2015.10.08"]
[SourceVersion "1"]
[SourceVersionDate "2015.10.08"]
[SourceQuality "1"]

1. c4 c5 2. Nf3 Nf6 3. Nc3 Nc6 4. e3 d6 5. d4 Bg4 6. Be2 e6 7. 0-0 Be7 8. h3 Bf5 9. b3 0-0 10. Bb2 Qc8 11. Qd2 Rd8 12. d5 exd5 13. Nxd5 Nxd5 14. Qxd5 Qe6 15. Rfd1 Qxd5 16. Rxd5 Be6 17. Rd2 d5 18. cxd5 Rxd5 19. Rad1 Rad8 20. Rxd5 Rxd5 21. Rxd5 Bxd5 22. Nd2 a6 23. f3 Nb4 24. a3 Nc6 25. Kf2 f6 26. e4 Be6 27. Bc4 Kf7 28. Ke3 Bxc4 29. Nxc4 b5 30. Nd2 Bd6 31. f4 Ke6 32. f5+ Ke7 33. g4 Be5 34. Bxe5 Nxe5 35. Nf3 Kd6 36. Kf4 Nxf3 37. Kxf3 Ke5 38. h4 h6 39. a4 bxa4 40. bxa4 Kd4 41. Kf4 c4 42. e5 fxe5+ 43. Kg3 Ke4 44. h5 c3 45. Kh4 c2 46. g5 Kxf5 0-1

[Event "Goch op 24th"]
[Site "Goch"]
[Date "2013.09.08"]
[Round "6"]
[White "Gail, Edgar"]
[Black "Geerling, Anton"]
[Result "1/2-1/2"]
[WhiteElo "1793"]
[BlackElo "1529"]
[PlyCount "73"]
[EventDate "2013.09.05"]
[EventType "swiss"]
[EventRounds "7"]
[EventCountry "GER"]
[SourceTitle "EXT 2015"]
[Source "ChessBase"]
[SourceDate "2014.11.20"]
[SourceVersion "1"]
[SourceVersionDate "2014.11.20"]
[SourceQuality "1"]

1. e4 e5 2. Nf3 Nc6 3. Bb5 a6 4. Ba4 Nf6 5. 0-0 Be7 6. Re1 b5 7. Bb3 d6 8. h3 Na5 9. d4 Nxb3 10. axb3 exd4 11. Nxd4 0-0 12. Nxb5 Bxh3 13. N5c3 Be6 14. Bg5 Qd7 15. f4 Bg4 16. Qd3 h6 17. Bxf6 Bxf6 18. Rxa6 Rxa6 19. Qxa6 Bd4+ 20. Kf1 Qe7 21. Qd3 Ba7 22. Qg3 Qd7 23. Nd2 f5 24. Nd5 c6 25. Ne3 Bxe3 26. Rxe3 fxe4 27. Nxe4 Qf5 28. Nxd6 Qxc2 29. Qxg4 Qc1+ 30. Kf2 Qd2+ 31. Kf3 Qd1+ 32. Kg3 Qxd6 33. Re6 Qd3+ 34. Kh2 Qxb3 35. Rxc6 Qxb2 36. Rxh6 Rxf4 37. Qxf4 1/2-1/2

[Event "Dortmund Sparkassen op-B"]
[Site "Dortmund"]
[Date "2013.07.29"]
[Round "3"]
[White "Klees, Robert"]
[Black "Geerling, Anton"]
[Result "0-1"]
[WhiteElo "1250"]
[BlackElo "1494"]
[PlyCount "100"]
[EventDate "2013.07.27"]
[EventType "swiss"]
[EventRounds "9"]
[EventCountry "GER"]
[SourceTitle "EXT 2022"]
[Source "ChessBase"]
[SourceDate "2021.10.06"]
[SourceVersion "1"]
[SourceVersionDate "2021.10.06"]
[SourceQuality "1"]

1. d4 Nf6 2. c4 g6 3. Nc3 d5 4. cxd5 Nxd5 5. e4 Nxc3 6. bxc3 Bg7 7. Bc4 c5 8. Ne2 cxd4 9. cxd4 Nc6 10. Bb2 0-0 11. 0-0 Qc7 12. Rb1 Rd8 13. e5 Bxe5 14. Qb3 Nxd4 15. Bxd4 Bxd4 16. Bxf7+ Kg7 17. Rfc1 Qf4 18. Nxd4 Rxd4 19. Bd5 Rb8 20. Rc4 Rxc4 21. Bxc4 Bf5 22. Qc3+ e5 23. g3 Qd4 24. Qxd4 exd4 25. Rd1 Rd8 26. f4 a6 27. Bd3 Kf6 28. Kf2 Bg4 29. Rd2 b5 30. Rc2 Rc8 31. Rd2 Be6 32. Be4 Rd8 33. Bb7 a5 34. Bc6 Bc4 35. g4 h6 36. a4 b4 37. h4 Rd6 38. Be4 Bb3 39. Bc2 Bxc2 40. Rxc2 d3 41. Rd2 b3 42. Ke3 h5 43. gxh5 gxh5 44. Rxd3 Rxd3+ 45. Kxd3 Kf5 46. Kc3 Kxf4 47. Kxb3 Kg4 48. Kc4 Kxh4 49. Kb5 Kg4 50. Kxa5 h4 0-1